| Tag |
First Indicator |
Second Indicator |
Subfields |
| LEADER |
00000cam a2200000 a 4500 |
| 001 |
in00000069339 |
| 005 |
20151008053337.0 |
| 008 |
800515s1979 dcu i 00100 eng d |
| 020 |
|
|
|a 0890933456
|
| 035 |
|
|
|a (OCoLC)06319763
|
| 035 |
|
|
|9 AAH7109AM
|
| 040 |
|
|
|a CIN
|c CIN
|d m.c.
|d TXA
|d UtOrBLW
|
| 043 |
|
|
|a a-ja---
|a a-kr---
|a as-----
|
| 049 |
|
|
|a TXAI
|c [1387826]
|
| 090 |
|
|
|a DS518.1
|b J357
|
| 245 |
0 |
2 |
|a A Guide to Japan, Korea, Southeast Asia, and the Far East generally, 1950-1961 supplement /
|c edited by Paul Kesaris.
|
| 264 |
|
1 |
|a Washington, D.C. :
|b University Publications of America,
|c [1979]
|
| 264 |
|
4 |
|c ©1979
|
| 300 |
|
|
|a 50 pages ;
|c 22 cm.
|
| 336 |
|
|
|a text
|b txt
|2 rdacontent
|
| 337 |
|
|
|a unmediated
|b n
|2 rdamedia
|
| 338 |
|
|
|a volume
|b nc
|2 rdacarrier
|
| 490 |
1 |
|
|a O.S.S./State Department intelligence and research reports ;
|v pt. 8
|
| 500 |
|
|
|a "A microfilm project of University Publications of America, Inc."
|
| 500 |
|
|
|a The microfilm collection has call number: Microfilm/A/390.
|
| 500 |
|
|
|a Includes index.
|
| 630 |
0 |
0 |
|a Japan, Korea, Southeast Asia, and the Far East Generally
|x Indexes.
|
| 651 |
|
0 |
|a Japan
|x History
|y 1945-
|x Sources
|x Indexes.
|
| 651 |
|
0 |
|a Korea
|x History
|y 1945-
|x Sources
|x Indexes.
|
| 651 |
|
0 |
|a Southeast Asia
|x History
|x Sources
|x Indexes.
|
| 700 |
1 |
|
|a Kesaris, Paul.
|
| 740 |
0 |
|
|a Japan, Korea, Southeast Asia, and the Far East generally.
|
| 830 |
|
0 |
|a O.S.S./State Department intelligence and research reports ;
|v pt. 8.
|
| 999 |
|
|
|a MARS
|
| 999 |
f |
f |
|s 5f760835-2a2a-3589-a05f-2e8dff783ee9
|i cc4b3524-9438-3391-b4ce-be2d8a6ad3f8
|t 0
|
| 952 |
f |
f |
|p 4_hour
|a Texas A&M University
|b College Station
|c Sterling C. Evans Library
|d Evans: Microforms Reference (3rd floor)
|t 0
|e DS518.1 J357
|h Library of Congress classification
|i unmediated -- volume
|m A14805923658
|
| 998 |
f |
f |
|a DS518.1 J357
|t 0
|l Evans: Microforms Reference (3rd floor)
|